| 000 | 01289nam0a22002891 4500 | ||
|---|---|---|---|
| 001 | rc\4695118 | ||
| 005 | 20250612154634.0 | ||
| 021 |
_aRU _b[63-13850ж] |
||
| 035 | _a(NLR Aleph) 008715979 | ||
| 090 |
_a9387907 _c9387907 |
||
| 100 | _a20130416d1963 |||y0rusy50 ca | ||
| 101 | 0 | _arus | |
| 102 | _aRU | ||
| 105 | _aa z ||||| | ||
| 200 | 1 |
_aПромысловая геофизика _e[Сборник статей] _fПод ред. проф. В.Н. Дахнова |
|
| 210 |
_aМосква _cГостоптехиздат _d1963 |
||
| 215 |
_a275 с. _cчерт. _d22 |
||
| 225 | 1 |
_aМинистерство высшего и среднего специального образования РСФСР. Московский институт нефтехимической и газовой промышленности имени И.М. Губкина. Труды _vВып. 41 |
|
| 320 | _aБиблиогр. в конце статей | ||
| 606 |
_aГеофизика прикладная _jСборники _2psbo |
||
| 702 | 1 |
_4340 _7ca _8rus _aДахнов _bВ. Н. _f1905-1984 _gВладимир Николаевич _92642312 _3RU\NLR\AUTH\770272376 |
|
| 801 | 0 |
_aRU _bNLR _gpsbo |
|
| 801 | 1 |
_aRU _bELAR _2rusmarc |
|
| 852 |
_aNLR _jП10/665 |
||
| 942 | _cBOOK | ||
| 980 | _aNB | ||